[Event "Madrid-ch Seniors 65+"]
[Site "Madrid"]
[Date "2022.04.19"]
[Round "2"]
[White "Urena Castellano, Antonio"]
[Black "Fernandez Garcia, Ignacio"]
[Result "1-0"]
[WhiteElo "1549"]
[BlackElo "1796"]
[PlyCount "85"]
[EventDate "2022.04.18"]
[EventType "swiss"]
[EventRounds "7"]
[EventCountry "ESP"]
[SourceTitle "EXT 2023"]
[Source "ChessBase"]
[SourceDate "2022.10.05"]
[SourceVersion "1"]
[SourceVersionDate "2022.10.05"]
[SourceQuality "1"]

1. d4 b5 2. e4 Bb7 3. Nd2 a6 4. c4 c6 5. Ngf3 d5 6. cxd5 cxd5 7. e5 e6 8. a4 b4 9. Bd3 a5 10. 0-0 Ba6 11. Qe2 Bxd3 12. Qxd3 Nd7 13. Nb3 Ne7 14. Bg5 h6 15. Bh4 g5 16. Bg3 Nf5 17. Qb5 Be7 18. Rfc1 0-0 19. Qd3 Nb6 20. Nc5 g4 21. Nd2 Bg5 22. b3 h5 23. h3 gxh3 24. gxh3 Kh8 25. Qe2 Kg7 26. Qd3 Rg8 27. Kh1 Kh6 28. Rg1 Qe7 29. Nf3 Rg6 30. Rg2 Rag8 31. Rag1 Nd7 32. Nxd7 Qxd7 33. Nxg5 Nxg3+ 34. Rxg3 Qe7 35. h4 f6 36. exf6 Qxf6 37. Qe3 Qe7 38. f4 Qf6 39. Rc1 R6g7 40. Rc6 Re8 41. Kg2 Rge7 42. Qe5 Qg6 43. f5 1-0

[Event "Madrid City-ch Seniors 50"]
[Site "Madrid"]
[Date "2021.04.16"]
[Round "9"]
[White "Urena Castellano, Antonio"]
[Black "Garcia Granja, Jose"]
[Result "1-0"]
[WhiteElo "1621"]
[BlackElo "1041"]
[PlyCount "175"]
[EventDate "2021.04.06"]
[EventType "swiss"]
[EventRounds "9"]
[EventCountry "ESP"]
[SourceTitle "EXT 2022"]
[Source "ChessBase"]
[SourceDate "2021.10.06"]
[SourceVersion "1"]
[SourceVersionDate "2021.10.06"]
[SourceQuality "1"]

1. d4 Nf6 2. c4 e6 3. Nc3 b6 4. Bg5 Be7 5. e4 Bb7 6. Bxf6 Bxf6 7. e5 Be7 8. Nf3 d5 9. cxd5 exd5 10. Bd3 0-0 11. h4 Nd7 12. Qc2 h6 13. 0-0-0 c5 14. Rde1 cxd4 15. Nxd4 Bxh4 16. e6 Bg5+ 17. Kb1 Nc5 18. exf7+ Rxf7 19. Bg6 Rf8 20. b4 Qf6 21. bxc5 Qxd4 22. Ne2 Qb4+ 23. Qb3 Qxb3+ 24. axb3 Rxf2 25. Nd4 bxc5 26. Ne6 Rxg2 27. Nxc5 Bc6 28. Re6 Bb5 29. Rd6 Rd8 30. Re6 Re2 31. Rxe2 Bxe2 32. Ne6 Bd3+ 33. Bxd3 Re8 34. Nc7 Rd8 35. Ne6 Rb8 36. Kc2 Bf6 37. Rb1 Kf7 38. Nf4 d4 39. Bc4+ Ke7 40. Re1+ Kd7 41. Ng6 a5 42. Ra1 Ra8 43. Kd3 Kd6 44. Nf4 g5 45. Ne2 Kc5 46. Rh1 Bg7 47. Ng3 a4 48. Ne4+ Kb4 49. Rb1 a3 50. Ra1 g4 51. Nd2 h5 52. Ra2 Rf8 53. Nb1 Ra8 54. Ke4 g3 55. Kf3 Be5 56. Kg2 Rf8 57. Rxa3 Rf2+ 58. Kg1 Rb2 59. Ra4+ Kc5 60. Ra5+ Kd6 61. Rd5+ Ke6 62. Na3 Kf5 63. Rd7 Ra2 64. Nb5 Ra1+ 65. Kg2 Ra2+ 66. Kg1 Ra1+ 67. Bf1 Rd1 68. b4 h4 69. Nc3 Re1 70. Ne2 Rd1 71. b5 h3 72. Rh7 g2 73. Rf7+ Kg4 74. b6 Bh2+ 75. Kxh2 Rxf1 76. Rg7+ Kf3 77. Ng1+ Ke3 78. Rg3+ Ke4 79. Rb3 d3 80. b7 d2 81. b8Q d1Q 82. Qe8+ Kf5 83. Qf7+ Ke5 84. Rb5+ Ke4 85. Qe6+ Kf4 86. Nxh3+ Kf3 87. Rf5+ Kg4 88. Qg6+ 1-0

[Event "Madrid City-ch Seniors 65"]
[Site "Madrid"]
[Date "2021.03.10"]
[Round "3"]
[White "Urena Castellano, Antonio"]
[Black "Fernandez Garcia, Ignacio"]
[Result "0-1"]
[WhiteElo "1647"]
[BlackElo "1804"]
[PlyCount "76"]
[EventDate "2021.03.08"]
[EventType "swiss"]
[EventRounds "7"]
[EventCountry "ESP"]
[SourceTitle "EXT 2022"]
[Source "ChessBase"]
[SourceDate "2021.10.06"]
[SourceVersion "1"]
[SourceVersionDate "2021.10.06"]
[SourceQuality "1"]

1. e4 d6 2. d4 Nf6 3. Nc3 g6 4. f4 Bg7 5. Nf3 c6 6. Be2 b5 7. a3 a5 8. 0-0 0-0 9. Be3 Nbd7 10. e5 Ng4 11. Bd2 dxe5 12. fxe5 Qb6 13. Kh1 Bb7 14. h3 Nh6 15. Qc1 Nf5 16. Kh2 Nxd4 17. Nxd4 Qxd4 18. e6 fxe6 19. Be3 Be5+ 20. Kg1 Qd6 21. Ne4 Qc7 22. Ng5 Rxf1+ 23. Qxf1 Rf8 24. Qe1 Rf6 25. Qh4 Nf8 26. Bg4 c5 27. Rf1 Bd5 28. Be2 Qb7 29. Bxc5 Bxb2 30. Rb1 Qc7 31. Bxe7 Qxe7 32. Rxb2 Qxa3 33. Qd4 Rf5 34. Nf3 b4 35. Bd3 Rf7 36. Ne5 Rc7 37. Rb1 Qc3 38. Qg4 Qxe5 0-1

[Event "Madrid City-ch Seniors 65"]
[Site "Madrid"]
[Date "2021.03.09"]
[Round "2"]
[White "Plaza Plaza, Prudencio"]
[Black "Urena Castellano, Antonio"]
[Result "0-1"]
[WhiteElo "1270"]
[BlackElo "1647"]
[PlyCount "94"]
[EventDate "2021.03.08"]
[EventType "swiss"]
[EventRounds "7"]
[EventCountry "ESP"]
[SourceTitle "EXT 2022"]
[Source "ChessBase"]
[SourceDate "2021.10.06"]
[SourceVersion "1"]
[SourceVersionDate "2021.10.06"]
[SourceQuality "1"]

1. d4 Nf6 2. Bf4 d5 3. e3 e6 4. h3 a6 5. Bd3 c5 6. c3 c4 7. Bc2 Nc6 8. Nf3 h6 9. Nbd2 b5 10. a3 Be7 11. 0-0 Bd7 12. Qe2 a5 13. e4 dxe4 14. Nxe4 Nd5 15. Bh2 0-0 16. b3 Nb6 17. bxc4 Nxc4 18. Bb3 Nxa3 19. Bd6 Bxd6 20. Nxd6 b4 21. Ne5 Nxe5 22. dxe5 Rb8 23. Rfc1 Nb5 24. Nxb5 Bxb5 25. c4 Bc6 26. Qe3 Qc7 27. Qc5 Qb7 28. Rxa5 Bxg2 29. Rb5 Qf3 30. Bd1 Qxh3 31. f4 Qg3 32. Qf2 Qxf2+ 33. Kxf2 Rxb5 34. cxb5 Bd5 35. Rb1 b3 36. Bxb3 Bxb3 37. Rxb3 Rb8 38. b6 Rb7 39. Ke3 Kf8 40. Kd4 Ke7 41. Kc5 Kd7 42. Rd3+ Kc8 43. Kc6 h5 44. Ra3 Kb8 45. Rh3 g6 46. Rg3 Re7 47. Kd6 Re8 0-1

[Event "Madrid-ch"]
[Site "Madrid"]
[Date "2014.02.21"]
[Round "6"]
[White "Urena Castellano, Antonio"]
[Black "Ruiz Bazaga, Miriam"]
[Result "1/2-1/2"]
[WhiteElo "1697"]
[BlackElo "1588"]
[PlyCount "104"]
[EventDate "2014.02.06"]
[EventType "swiss"]
[EventRounds "9"]
[EventCountry "ESP"]
[SourceTitle "CBM 159 Extra"]
[Source "ChessBase"]
[SourceDate "2014.04.24"]
[SourceVersion "1"]
[SourceVersionDate "2014.04.24"]
[SourceQuality "1"]

1. d4 e6 2. c4 b6 3. Nc3 Bb7 4. e4 d5 5. cxd5 exd5 6. e5 c5 7. Nf3 cxd4 8. Nxd4 Bc5 9. Be3 Ne7 10. Bb5+ Nbc6 11. Qa4 Bxd4 12. Bxd4 0-0 13. Bxc6 Nxc6 14. 0-0-0 Qg5+ 15. Be3 Qxe5 16. Rxd5 Qe6 17. Rg5 Rac8 18. Kb1 Ne5 19. h4 Nc4 20. Bc1 Rfd8 21. h5 Bc6 22. Qc2 b5 23. a3 a5 24. Rd1 b4 25. Qe2 Qxe2 26. Rxd8+ Rxd8 27. Nxe2 b3 28. Rc5 Be4+ 29. Ka1 Bd3 30. Nc3 f6 31. Rd5 Rxd5 32. Nxd5 Be4 33. Nf4 g5 34. hxg6 hxg6 35. f3 Bc2 36. Nd5 Kf7 37. Ne3 Nxe3 38. Bxe3 a4 39. g3 Ke6 40. f4 f5 41. Bd2 Kd5 42. Be1 Ke4 43. Bc3 Kd3 44. Bf6 Ke2 45. Bg5 Kf3 46. Bh6 Kxg3 47. Bg5 Kh3 48. Bh6 Kh4 49. Bg5+ Kg4 50. Bh6 Kh4 51. Bg5+ Kh5 52. Bf6 Kh6 1/2-1/2

[Event "Madrid-ch Previa-A"]
[Site "Madrid"]
[Date "2012.02.20"]
[Round "7"]
[White "Urena Castellano, Antonio"]
[Black "Garcia Ruiz Fuentes, Angel Marcos"]
[Result "0-1"]
[WhiteElo "1673"]
[BlackElo "1846"]
[PlyCount "74"]
[EventDate "2012.02.06"]
[EventType "swiss"]
[EventRounds "9"]
[EventCountry "ESP"]
[SourceTitle "CBM 147 Extra"]
[Source "ChessBase"]
[SourceDate "2012.04.24"]
[SourceVersion "1"]
[SourceVersionDate "2012.04.24"]
[SourceQuality "1"]

1. e4 Nf6 2. e5 Nd5 3. c4 Nb6 4. d4 d6 5. f4 g6 6. Nc3 Bg7 7. Be3 Be6 8. b3 0-0 9. Nf3 dxe5 10. fxe5 N6d7 11. Rc1 Bg4 12. Be2 Qc8 13. 0-0 c5 14. Nd5 Nc6 15. h3 Bxf3 16. Bxf3 cxd4 17. Bxd4 Ndxe5 18. Bxe5 Bxe5 19. Re1 Bd4+ 20. Kh1 e6 21. Nf4 Bg7 22. Ne2 Rd8 23. Qc2 Nb4 24. Qe4 Nd3 25. Qxb7 Qxb7 26. Bxb7 Rab8 27. Bf3 Bh6 28. Rb1 Nxe1 29. Rxe1 Rd2 30. Nc3 Rc2 31. Ne4 Rxa2 32. Bd1 Ra1 33. Nf6+ Kg7 34. Ng4 Rxb3 35. Kh2 Bf4+ 36. Kg1 Rbb1 37. Nf2 Bg3 0-1

[Event "Madrid-ch Previa-A"]
[Site "Madrid"]
[Date "2012.02.08"]
[Round "3"]
[White "Fernandez Aransay, Fernando"]
[Black "Urena Castellano, Antonio"]
[Result "1-0"]
[WhiteElo "1897"]
[BlackElo "1673"]
[PlyCount "151"]
[EventDate "2012.02.06"]
[EventType "swiss"]
[EventRounds "9"]
[EventCountry "ESP"]
[SourceTitle "CBM 147 Extra"]
[Source "ChessBase"]
[SourceDate "2012.04.24"]
[SourceVersion "1"]
[SourceVersionDate "2012.04.24"]
[SourceQuality "1"]

1. e4 e6 2. d4 d5 3. exd5 exd5 4. Nf3 Nf6 5. c4 c6 6. Bd3 Bb4+ 7. Nc3 0-0 8. 0-0 Bg4 9. Be3 Qa5 10. Rc1 Bxc3 11. Rxc3 Ne4 12. Ra3 Qc7 13. h3 Bh5 14. g4 Bg6 15. Ne5 Nd7 16. Nxg6 fxg6 17. Qc2 Qd6 18. Bxe4 dxe4 19. Qxe4 Rae8 20. Qg2 a6 21. Qh2 Qf6 22. Qg3 Nb6 23. Rc3 Nd7 24. Rb3 b5 25. cxb5 axb5 26. Rc3 Qe6 27. Qc7 Rc8 28. Qb7 Nf6 29. Rfc1 Rf7 30. Rxc6 Rxb7 31. Rxe6 Rxc1+ 32. Bxc1 Rc7 33. Be3 Nd5 34. Re5 Rd7 35. Kg2 Kf7 36. g5 Nc7 37. Rc5 Ke6 38. Bf4 Nd5 39. Be5 b4 40. Ra5 Kf5 41. Bxg7 Kxg5 42. a3 bxa3 43. bxa3 Kf4 44. Be5+ Ke4 45. Kg3 Rf7 46. Rc5 Rf3+ 47. Kg2 Rxa3 48. Rc8 Ra2 49. Rh8 h5 50. Rf8 Ne3+ 51. Kg1 Ra1+ 52. Kh2 Nf5 53. Rf6 Kf3 54. Bg3 Rf1 55. h4 Ke4 56. Rxg6 Nxd4 57. Kg2 Rb1 58. Rg5 Rb5 59. f3+ Kd3 60. Rxb5 Nxb5 61. Be5 Na3 62. Kg3 Nc4 63. Kf4 Ke2 64. Bc3 Ne3 65. Ke4 Ng2 66. Bf6 Kf2 67. f4 Kg3 68. f5 Kg4 69. Bg5 Nxh4 70. Bxh4 Kxh4 71. Kf4 Kh3 72. f6 h4 73. f7 Kg2 74. f8Q h3 75. Qg7+ Kh1 76. Kg3 1-0

[Event "San Sebastian de los Reyes op 13th"]
[Site "San Sebastian"]
[Date "2011.12.02"]
[Round "1"]
[White "Urena Castellano, Antonio"]
[Black "Aziz Ortego, Omar Luis"]
[Result "0-1"]
[WhiteElo "1648"]
[BlackElo "2139"]
[PlyCount "80"]
[EventDate "2011.12.02"]
[EventType "swiss"]
[EventRounds "9"]
[EventCountry "ESP"]
[SourceTitle "CBM 145 Extra"]
[Source "ChessBase"]
[SourceDate "2012.01.03"]
[SourceVersion "1"]
[SourceVersionDate "2012.01.03"]
[SourceQuality "1"]

1. d4 e6 2. c4 Nf6 3. Nc3 Bb4 4. Bd2 b6 5. Nf3 Bb7 6. e3 0-0 7. Bd3 d5 8. cxd5 exd5 9. a3 Bd6 10. h3 Re8 11. 0-0 Ne4 12. Rc1 a6 13. b4 Nd7 14. Bxe4 dxe4 15. Nh2 Qh4 16. Be1 Qg5 17. Qb3 Re7 18. a4 Kh8 19. a5 b5 20. Bd2 f5 21. Nd5 Re6 22. Nf4 Rh6 23. Qf7 Rd8 24. Ne6 Rxe6 25. Qxe6 Nf6 26. Qb3 Ng4 27. hxg4 fxg4 28. g3 Bd5 29. Qd1 h5 30. Kg2 Rf8 31. Rh1 Qf5 32. Be1 Kg8 33. Nf1 Bxb4 34. Rxc7 Bxa5 35. Rc1 g6 36. Ra1 Bc3 37. Rc1 b4 38. Qe2 Bxe1 39. Rxe1 a5 40. Qb5 Qxf2# 0-1

[Event "Madrid Villaverde op 16th"]
[Site "Madrid"]
[Date "2011.11.14"]
[Round "1"]
[White "Lopez de Turiso, Jose Angel"]
[Black "Urena Castellano, Antonio"]
[Result "1-0"]
[WhiteElo "2065"]
[BlackElo "1648"]
[PlyCount "67"]
[EventDate "2011.11.14"]
[EventType "swiss"]
[EventRounds "8"]
[EventCountry "ESP"]
[SourceTitle "EXT 2013"]
[Source "ChessBase"]
[SourceDate "2012.11.22"]
[SourceVersion "1"]
[SourceVersionDate "2012.11.22"]
[SourceQuality "1"]

1. d4 d5 2. c4 e6 3. cxd5 exd5 4. Nc3 c6 5. Qc2 Nf6 6. Bg5 Be7 7. e3 Bg4 8. Bd3 Nbd7 9. f3 Bh5 10. Nge2 Bg6 11. e4 h6 12. Bh4 Ng8 13. Bg3 Bh4 14. exd5 Bxg3+ 15. Nxg3 Bxd3 16. Qxd3 cxd5 17. Nxd5 Qa5+ 18. Nc3 0-0-0 19. 0-0 h5 20. Nf5 Kb8 21. Qb5 Qxb5 22. Nxb5 a6 23. Nbd6 Rf8 24. Nxg7 Rh6 25. Ngf5 Rg6 26. Rac1 Ngf6 27. Ne7 Rg5 28. b4 Rg7 29. Rf2 h4 30. Rfc2 h3 31. Rc7 Rxg2+ 32. Kh1 Rxa2 33. Rxb7+ Ka8 34. Nc6 1-0

[Event "Madrid Villaverde op 12th"]
[Site "Madrid"]
[Date "2010.04.22"]
[Round "4"]
[White "Urena Castellano, Antonio"]
[Black "Jimenez Vera, Ruben"]
[Result "1-0"]
[WhiteElo "1613"]
[BlackElo "1587"]
[PlyCount "95"]
[EventDate "2010.04.19"]
[EventType "swiss"]
[EventRounds "8"]
[EventCountry "ESP"]
[SourceTitle "CBM 136 Extra"]
[Source "ChessBase"]
[SourceDate "2010.07.02"]
[SourceVersion "2"]
[SourceVersionDate "2010.07.15"]
[SourceQuality "1"]

1. e4 c5 2. f4 Nc6 3. c3 d6 4. d4 cxd4 5. cxd4 g6 6. Nf3 Bg4 7. Nc3 Bg7 8. Be3 Qb6 9. e5 dxe5 10. fxe5 Rd8 11. Bb5 e6 12. a4 a6 13. a5 Qc7 14. Be2 Bxf3 15. Bxf3 Nxe5 16. Qa4+ Nc6 17. 0-0 Nge7 18. Rfc1 0-0 19. Ne2 Qd7 20. Rd1 Nd5 21. Bf2 Nce7 22. Qb3 Nf5 23. Rac1 Qb5 24. Qxb5 axb5 25. Rc5 Nde3 26. Rd3 Bxd4 27. Nxd4 Nc4 28. b4 e5 29. Nxb5 Rxd3 30. Rxc4 Rfd8 31. h3 Nd4 32. Nxd4 exd4 33. Bxb7 Rd1+ 34. Kh2 d3 35. Bf3 Rf1 36. Rd4 Rxd4 37. Bxd4 d2 38. Bc3 Rxf3 39. Bxd2 Rf2 40. Be3 Re2 41. Bc5 f5 42. Kg3 Kf7 43. Kf3 Rb2 44. a6 Ke6 45. a7 Ra2 46. Bb6 g5 47. Ba5 Ra3+ 48. Kf2 1-0